000 01601nam a2200229 4500
001 114463
003 DR-UNIBE
005 20260316113616.0
008 260316b2025 dr ||||| |||| 00| 0 spa d
020 _a9789945629552
040 _aBIBLIOTECA UNIBE
_cBIBLIOTECA UNIBE
_erda
041 _aspa
082 _aRD 863.44 J61m
100 _aJiménez Quiñones, Vivian
_eautor
_9203305
245 1 3 _aLa mujer del río /
_cVivian Jiménez Quiñones
260 _aSanto Domingo :
_bBanco Central de la Republica Dominicana,
_c2025
300 _a150 páginas
520 3 _aEn La mujer del río, su opera prima, demuestra ser conocedora de los mecanismos de un género que, como el cuento, presenta grandes desafíos a sus cultores, no solo por la lucha de quien escribe contra el tiempo, sino por el intrincado camino para conseguir una ficción verosímil con un cierre convincente. Este conjunto de narraciones se inscribe en la corriente neorrealista que Juan Bosch llevó a su máxima expresión en el siglo pasado, y la huella del maestro vegano es palpable en los temas y la manera de contar de la autora. Hay cuentos de Vivian Jiménez Quiñones que nos ponen en contacto con tragedias familiares de gente del campo, o el reencuentro de una madre con su hija descarriada, o la búsqueda interminable del amor frustrado. Cada cuento ha sido escrito con la lúcida conciencia de una autora que sabe lo que tiene entre manos y conduce a sus personajes con pulso firme a través de sus historias.
650 _2lemb
_aNovela dominicana
650 _2lemb
_aLiteratura dominicana
942 _2ddc
_cBK
999 _c114463
_d114463